000 00411nam a22001697a 4500
005 20180718150725.0
008 160512b xxu||||| |||| 00| 0 eng d
020 _a0-07-114491-9
041 _aeng
082 _b1701
_a658.1599
100 _aLevi, Maurice D.
_91230
245 _aInternational Financial Management
260 _bMcGRAW HILL
_c1983
300 _a630p,
650 _aManagement
_9241
942 _cBK
999 _c659
_d659